| 000 | 01077nam a2200313 a 4500 | ||
|---|---|---|---|
| 001 | 25715 | ||
| 003 | CO-ViMGA | ||
| 008 | 141112s2004 ck r 000 u spa d | ||
| 020 | _a9789587108217 | ||
| 040 |
_aCO-ViMGA _bspa _cCO-ViMGA |
||
| 041 | _aSPA | ||
| 082 | 0 | 4 | _a320.01 C17i |
| 100 | 1 |
_aCastro Urrego, Cristian Darío _939641 |
|
| 245 | 1 | 0 |
_aLas ideas políticas y el pensamiento administrativo en la historia : _bautores y contextos de oriente y occidente / _cCristian Darío Castro Urrego |
| 250 | _a1a ed. | ||
| 260 |
_aBogotá : _bUniversidad Externado de Colombia, _c2013 |
||
| 300 | _a404 p. | ||
| 500 | _aIncluye bibliografía | ||
| 650 | 1 | 4 |
_aFILOSOFIA MEDIEVAL _939642 |
| 650 | 1 | 4 |
_aFILOSOFIA MODERNA _911236 |
| 650 | 1 | 4 |
_aFILOSOFIA Política - HISTORIA _939643 |
| 650 | 1 | 4 |
_aFILOSOFOS - PENSAMIENTO POLITICO _939644 |
| 650 | 1 | 4 |
_aFILOSOFOS GRIEGOS - HISTORIA _939645 |
| 650 | 1 | 4 |
_aTRASCENDENTALISMO _939646 |
| 650 | 1 | 4 |
_aTRASCENDENTALISMO _939646 |
| 650 | 1 | 4 |
_aTRASCENDENTALISMO _939646 |
| 650 | 1 | 4 |
_aTRASCENDENTALISMO _939646 |
| 942 |
_2ddc _cBK |
||
| 999 |
_c5282 _d5282 |
||